| 000 | 01024nam a22001817a 4500 | ||
|---|---|---|---|
| 003 | JO-AjAnu | ||
| 005 | 20260418073926.0 | ||
| 008 | 260418b jo ||||| |||| 00| 0 ara d | ||
| 040 |
_aANU _cJO-AjAnu |
||
| 041 | _hARA | ||
| 100 |
_aالخشان، سفانة جمال محمود _eمعد _966938 |
||
| 245 |
_aمسائل الخلاف في: "كتاب أسرار العربية" لأبي البركات الأنباري (دراسة موازنة مع كتابه الإنصاف في مسائل الخلاف) = Issues of disagreement in the Book "Assrar AL Arabiya" by Abu al-Barakat al-Anbari (a balance study with his book “AL- Ensaf Fe Mas'al AL- Khelaf”) _c / سفانة جمال محمود الخشان |
||
| 260 |
_aعجلون: _bجامعة عجلون الوطنية، _c2026 |
||
| 300 | _a118 ورقة | ||
| 500 | _aرسالة جامعية( رسالة ماجستير في اللغة العربية وآدابها-كلية الآداب) ؛ 2026 | ||
| 650 | _vاللغة العربية-نحو | ||
| 942 |
_2lcc _cTHS _n0 |
||
| 999 |
_c34167 _d34167 |
||